Oracle 9 cẩm nang quản lý mạng Dành cho các nhân viên quản lý máy chủ mạng

Gorde:
Xehetasun bibliografikoak
Egile nagusia: Hoàng Phương
Formatua: Liburua
Hizkuntza:Undetermined
Argitaratua: Tp. HCM Trẻ 2000
Gaiak:
Etiketak: Etiketa erantsi
Etiketarik gabe, Izan zaitez lehena erregistro honi etiketa jartzen!
Thư viện lưu trữ: Trung tâm Học liệu Trường Đại học Cần Thơ
LEADER 00609nam a2200181Ia 4500
001 CTU_42179
008 210402s9999 xx 000 0 und d
082 |a 005.758 
082 |b Ph561 
100 |a Hoàng Phương 
245 0 |a Oracle 9 cẩm nang quản lý mạng 
245 0 |b Dành cho các nhân viên quản lý máy chủ mạng 
245 0 |c Hoàng Phương 
260 |a Tp. HCM 
260 |b Trẻ 
260 |c 2000 
650 |a database management - computer programs,oracle ( computer programs ),system administration 
980 |a Trung tâm Học liệu Trường Đại học Cần Thơ